000 00402nam a2200157Ia 4500
008 230917s9999||||xx |||||||||||||| ||und||
040 _e158404
_aMAIN
041 _aEnglish
082 _a574.0285 P463B(2)
100 _aPevsner, Jonathan
245 0 _aBioinformatics and functional genomics
250 _a2nd ed.
260 _aNew Jersey
_bWiley-Blackwell
_c2009
300 _a951 p.
942 _cBK
999 _c150478
_d150478